Widok standardowy
Widok MARC
Pozycja Personal Name
Liczba rekordów, w których użyto hasła: 1
001 - Numer kontrolny
- control field: 39339
003 - Identyfikator numeru kontrolnego
- control field: NUKAT
005 - Data i czas ostatniej modyfikacji
- control field: 20260331221252.0
008 - Dane kontrolne kodowane (40 znaków)
- fixed length control field: 981001n||a|znnaabn |a aaa |c
010 ## - Numer kontrolny Biblioteki Kongresu
- numer kontrolny LC: n 98095349
040 ## - Instytucja sporządzająca rekord
- inst. przygot. dane do rek. khw: WA U/EK
- język haseł przedmiotowych/tezaurus: kaba
- inst. wprow. rek. khw: WA U/EK
- inst. modyf. rek. khw: LUBL M/mm
- inst. modyf. rek. khw: WA U/SS
- inst. modyf. rek. khw: KR 283/JW
046 ## - Special dates
- Birth date: 1847
- Death date: 1900
100 1# - Hasło - nazwa osobowa
- nazwa osobowa w formie ujednoliconej: Ziemba, Teofil
- daty biograficzne: (1847-1900).
400 1# - Trop zob. - nazwa osobowa
- nazwa osobowa (nazwisko, imiona): Ziemba, Teofil Zygmunt.
400 1# - Trop zob. - nazwa osobowa
- nazwa osobowa (nazwisko, imiona): Ziemba-Ziembicki, Teofil.
400 0# - Trop zob. - nazwa osobowa
- nazwa osobowa (nazwisko, imiona): T. Z.
- daty biograficzne: (1847-1900).
400 1# - Trop zob. - nazwa osobowa
- nazwa osobowa (nazwisko, imiona): Ziembicki, Teofil.
400 0# - Trop zob. - nazwa osobowa
- nazwa osobowa (nazwisko, imiona): Teofil Z.
400 1# - Trop zob. - nazwa osobowa
- nazwa osobowa (nazwisko, imiona): Ziemba, Theophil.
670 ## - Źródło informacji
- źródło informacji: Kp. Młodość Mickiewicza / skreślił Teofil Ziemba. - Kraków, 1887.
670 ## - Źródło informacji
- źródło informacji: Kp. Pozytywizm i jego wyznawcy w dzisiejszej Francyi / napisał Teofil Ziemba. - Kraków, 1872.
670 ## - Źródło informacji
- źródło informacji: Estr XIX. - 1851-
670 ## - Źródło informacji
- źródło informacji: BNPol online
670 ## - Źródło informacji
- źródło informacji: Kp. Nad grobem Wincentego Pola dnia 5 grudnia 1872 r. / [T. Z.]. - Kraków, 1872.
670 ## - Źródło informacji
- źródło informacji: Polskaniezwykla.pl,08.12.2015
- adres internetowy: http://www.polskaniezwykla.pl/web/place/people,1722.html
670 ## - Źródło informacji
- źródło informacji: Locke und seine Werke : nach den für die Philosophie interessantesten Momenten / dargestellt und gewürdigt von Theophil Ziemba. - Lemberg, 1869.